00507 2200169 4500001002100000008004100021035002000062245009600082100002000178260003600198300002500234020002200259084001600281082001000297650001800307990001200325INLIS000000000001423 Ind  a0010-0924000020 aMelacak Mitos Merapi:bPeka Membaca Bencana, Kritis Terhadap Kearifan LokalcIbnu Subiyanto aSubiyanto, Ibnu aYogyakartabJogja Bangkitc2016 a278 hlm.c14 x 21 cm a978-602-0818-45-0 a398.2 IBN m a398.2 aAdat Istiadat a0750924